01310cam a2200337 a 4500001001400000003000800014005001700022006001900039007001500058008004100073020003800114040003000152049002600182050002400208082001700232100001900249245008900268260003500357300003400392520018200426521001700608588004700625504005100672650004000723655002900763710001600792776003500808856009400843942001600937999001900953EDZ0000076492StDuBDS20161031105144.0m||||||||d||||||||cr |||||||||||120416s2006 enk fo| 001|0|eng|d a9781446213643 (ebook) :cNo price aStDuBDSbengcStDuBDSepn aAlfaisal Main Library 0aLC1203.G7bH39 200604a371.90462231 aHayward, Anne.10aMaking inclusing happenh[electronic resource] :ba practical guide /cAnne Hayward. aLondon :bPaul Chapman,c2006. a1 online resource (x, 122 p.)8 aWritten in a clear, down-to-earth style, this guide gives you an overview of inclusion and is packed with practical material, including examples of best practice and checklists. aSpecialized. aDescription based on print version record. aIncludes bibliographical references and index. 0aInclusive educationzGreat Britain. 7aElectronic books.2local2 aSage eBooks08iPrint version :z978141292222740uhttp://ezproxy.alfaisal.edu/login?url=http://sk.sagepub.com/books/making-inclusion-happen 2lcccEBOOKS c480539d480539